| 000 | 00640nam a2200229 i 4500 | ||
|---|---|---|---|
| 001 | bgj | ||
| 100 | 1 | _aSTROLL, Avrum | |
| 245 | 1 | 0 |
_aIntroduction to philosophy / _cAvrum Stroll, Richard H. Popkin. |
| 250 | _a3rd ed. | ||
| 260 |
_aNew York ; Chicago : _bHolt, Rinehart and Winston, _ccop. 1979. |
||
| 300 |
_aXI, 492 pp : _bphot., portr. ; _c24 cm. |
||
| 504 | _aBibliography. | ||
| 505 | _aIncl. indexes. | ||
| 650 | 9 | _aPhilosophy | |
| 700 | 1 | _aPOPKIN, Richard H. | |
| 020 | _a003021761X (hbk) | ||
| 040 | _cBPK | ||
| 041 | 0 | _aeng | |
| 920 | _a0-03-021761-X (hbk) | ||
| 942 | _cKS | ||
| 008 | s uk f |000 0 eng | ||
| 999 |
_c47208 _d47208 |
||
| 856 |
_uhttp://koha.tu.koszalin.pl/cgi-bin/koha/opac-detail.pl?biblionumber=47208 _yKatalog online BPK |
||